NLSUI OPAC header image

Hasivina Samrajyakke Koneyenthu : (How to End the Empire of Hunger? Book on World Food Crisis – Its Nature, Causes and Solutions) (Record no. 120031)

MARC details
000 -LEADER
fixed length control field 00470nam a2200133Ia 4500
008 - FIXED-LENGTH DATA ELEMENTS--GENERAL INFORMATION
fixed length control field 200619s9999 xx 000 0 und d
082 ## - DEWEY DECIMAL CLASSIFICATION NUMBER
Classification number 338.9VAS
100 ## - MAIN ENTRY--PERSONAL NAME
Personal name Vasantharaj N. K.
245 #0 - TITLE STATEMENT
Title Hasivina Samrajyakke Koneyenthu : (How to End the Empire of Hunger? Book on World Food Crisis – Its Nature, Causes and Solutions)
264 ## - PRODUCTION, PUBLICATION, DISTRIBUTION, MANUFACTURE, AND COPYRIGHT NOTICE
Place of production, publication, distribution, manufacture Bangalore
Name of producer, publisher, distributor, manufacturer Chinthana Pushtaka
Date of production, publication, distribution, manufacture, or copyright notice 2009
300 ## - PHYSICAL DESCRIPTION
Extent 176
942 ## - ADDED ENTRY ELEMENTS (KOHA)
Koha item type CSSEIP Office Library Collection
Holdings
Withdrawn status Lost status Damaged status Not for loan Home library Current library Shelving location Date acquired Total Checkouts Barcode Date last seen Price effective from Koha item type
        . . CSSEIP Office Library 25.06.2020   CSSEIP493 23.06.2020 23.06.2020 CSSEIP Office Library Collection